000 00766nam a2200229 i 4500
001 82411
003 ES-MaACL
005 20230906174652.0
007 t|
008 041110s1957 sp ||||1| spa d
100 1 _aIgual Ubeda, Antonio.
_965156
245 1 3 _aLa España del siglo XVI /
_cpor Antonio Igual Ubeda.
260 _aBarcelona :
_bSeix Barral,
_c1957.
300 _a101 p. :
_bil. ;
_c18 cm.
490 1 _aColección Estudio ;
_v11-B
651 _aEspaña-
_xHistoria-
_y1474-1516, Reyes Católicos.
_98222
651 4 _aEspaña-
_xHistoria-
_y1516-1556, Carlos I.
_98224
651 4 _aEspaña-
_xHistoria-
_y1556-1598, Felipe II.
_98218
830 0 _aColección Estudio ;
_v11-B
_9181942
852 _aES-MaACL
_jC-13976
_bR.41883
999 _c82411
_d82411